00907nam a22002537a 45000010005000000030006000050050017000110080041000280200018000690400029000870500008001160820011001241000027001352450063001622600048002253000056002735050007003295200164003365210028005005210018005286500028005466500045005747000034006198602FISKH20251002134146.0251002b cb ||||| |||| 00| 0 eng d a9780721415390 aFISKHbengcFISKHdFISKH aPZ7 a398.21 aDaly, Audrey eAuthor  aFavourite Tales : bThe Gingerbread mancStevenson, Peter  aLoughborough :bLadybird books LTD , c1993 a26 unnumbered pages :bcolor illustrations ;c18 cm aG  aOne of a series which consists of a storybook plus audio recording narrated by a film/TV personality on one side and on the other side sound effects and music.8 a330 bLexile estimate 8 aG bRaz-Plus  aGingerbread manvBaking aTraditional literaturevJuvenile fiction aStevenson, PetereIllustrator